000 00724pam a2200205 a 4500
020 _a0844280887 (Text)
020 _a0844280968
020 _a0844280976 (Teacher's ed.)
040 _cDLC
082 0 0 _a810 NAT 2000 A094 Or.
245 0 0 _aSports in literature :
_bexperiencing the thrill of competition through stories, poems, and nonfiction /
250 _a2nd ed
260 _aLincolnwood, IL :
_bNational Textbook Co.,
_c2000
300 _axi, 354 p. ;
_c24 cm. +
_eteacher's ed. (xi, 354, [63] p. ; 23 cm.)
500 _aIncludes index
520 _aA collection of short stories, poems, essays, and non-fiction articles about various types of sports
650 0 _aSports
700 1 _aEmra, Bruce
942 _cEK
999 _c12898
_d12898